Ardhanarishwar / (Record no. 146182)
[ view plain ]
| 000 -LEADER | |
|---|---|
| fixed length control field | 00851nam a22002177a 4500 |
| 005 - DATE AND TIME OF LATEST TRANSACTION | |
| control field | 20181124125931.0 |
| 010 ## - LCCN (DPL NO) | |
| LC control number | 1718EN-30 ENG-121819 B-688183-191 |
| 020 ## - INTERNATIONAL STANDARD BOOK NUMBER | |
| Terms of availability | 500.00 |
| International Standard Book Number | 9788126045655 |
| 035 ## - SYSTEM CONTROL NUMBER | |
| System control number | EN-105351 |
| 035 ## - SYSTEM CONTROL NUMBER | |
| System control number | B-688183-191 |
| 037 ## - SOURCE OF ACQUISITION | |
| Source of stock number/acquisition | Sahitya Akadmi |
| Stock number | dpl |
| 082 ## - DEWEY DECIMAL CLASSIFICATION NUMBER | |
| Classification number | N |
| 100 ## - MAIN ENTRY--PERSONAL NAME | |
| Personal name | Prabhakar, Vishnu |
| 245 ## - TITLE STATEMENT | |
| Title | Ardhanarishwar / |
| Statement of responsibility, etc | by Vishnu Prabhakar; translated by Shrikant Khare |
| 260 ## - PUBLICATION, DISTRIBUTION, ETC. (IMPRINT) | |
| Place of publication, distribution, etc | New Delhi |
| Name of publisher, distributor, etc | Sahitya Academi |
| Date of publication, distribution, etc | 2017 |
| 270 ## - ADDRESS | |
| City | New Delhi |
| Address | rabindra bhawan, 35, firoz shah marg |
| Postal code | 110001 |
| 300 ## - PHYSICAL DESCRIPTION | |
| Extent | 512p. |
| Dimensions | 21cm(Hb) |
| 700 ## - ADDED ENTRY--PERSONAL NAME | |
| Personal name | Khare, Shrikant |
| 9 (RLIN) | 23015 |
| 942 ## - ADDED ENTRY ELEMENTS (KOHA) | |
| Source of classification or shelving scheme | Dewey Decimal Classification |
| Item type | English Books |
| Classification part | N |
| Call number suffix | PRA |
| Withdrawn status | Lost status | Not for loan | Collection code | Home library | Current library | Date acquired | Source of acquisition | Cost, normal purchase price | Full call number | Barcode | Copy number | Cost, replacement price | Koha item type |
|---|---|---|---|---|---|---|---|---|---|---|---|---|---|
| Fiction | Ashok Vihar | Ashok Vihar | 05/07/2018 | Noth India NIP/287/17-18/28.11.2017/665/20.11.2017/13.01.2018 | 500.00 | N PRA | B-688187 | 1 | 500.00 | English Books | |||
| Fiction | Bawana | Bawana | 05/07/2018 | Noth India NIP/287/17-18/28.11.2017/665/20.11.2017/13.01.2018 | 500.00 | N PRA | B-688190 | 1 | 500.00 | English Books | |||
| Not For Loan | Fiction | D.B.Act.Division | Bawana | 24/11/2018 | DBAD/PUB | 500.00 | N PRA | EN-105351 | 1 | 500.00 | English Books | ||
| Fiction | Central Library | Central Library | 05/07/2018 | Noth India NIP/287/17-18/28.11.2017/665/20.11.2017/13.01.2018 | 500.00 | N PRA | B-688183 | 1 | 500.00 | English Books | |||
| Fiction | Janak Puri | Janak Puri | 05/07/2018 | Noth India NIP/287/17-18/28.11.2017/665/20.11.2017/13.01.2018 | 500.00 | N PRA | B-688189 | 1 | 500.00 | English Books | |||
| Fiction | Mobile Library | Mobile Library | 05/07/2018 | Noth India NIP/287/17-18/28.11.2017/665/20.11.2017/13.01.2018 | 500.00 | N PRA | B-688184 | 2 | 500.00 | English Books | |||
| Fiction | Mobile Library | Mobile Library | 05/07/2018 | Noth India NIP/287/17-18/28.11.2017/665/20.11.2017/13.01.2018 | 500.00 | N PRA | B-688185 | 2 | 500.00 | English Books | |||
| Fiction | New Police Line | New Police Line | 05/07/2018 | Noth India NIP/287/17-18/28.11.2017/665/20.11.2017/13.01.2018 | 500.00 | N PRA | B-688186 | 1 | 500.00 | English Books | |||
| Fiction | Patel Nagar | Patel Nagar | 05/07/2018 | Noth India NIP/287/17-18/28.11.2017/665/20.11.2017/13.01.2018 | 500.00 | N PRA | B-688188 | 1 | 500.00 | English Books | |||
| Non-fiction | Shahdara Branch | Shahdara Branch | 03/07/2018 | Noth India NIP/287/17-18/28.11.2017/665/20.11.2017/13.01.2018 | 500.00 | N PRA | B-688191 | 1 | 500.00 | English Books |
